| 000 | 00993nam a22003137a 4500 | ||
|---|---|---|---|
| 003 | CHAP | ||
| 005 | 20220817042451.0 | ||
| 008 | 971013s1963 r 00010 d | ||
| 010 | _a45596 | ||
| 011 | _a46568 | ||
| 035 | _a50709 | ||
| 040 | _cCHAP | ||
| 082 |
_a338.19 _bF37p |
||
| 110 | _aFAO | ||
| 245 | _aPossibilities of increasing world food production | ||
| 260 |
_aRome : _bFAO, _c1963 |
||
| 300 |
_a223 p. _b: ilus. |
||
| 490 |
_aFAO. Campaña Mundial contra el hambre. Estudio básico _v; 10 |
||
| 590 |
_aBATCH-UPD _b10 _c20130110 _lUCH01 _h1635 |
||
| 590 |
_aBATCH-UPD _b10 _c20130410 _lUCH01 _h1027 |
||
| 590 |
_aBATCH-UPD _b10 _c20130914 _lUCH01 _h0136 |
||
| 590 |
_aCONVERSION _b10 _c20130109 _lUCH01 _h1325 |
||
| 650 | 1 | 4 |
_aAlimentos _xAbastecimiento. |
| 700 | 0 |
_aPawaley, Walter H. _986313 |
|
| 830 | 0 |
_aFAO. Campaña Mundial contra el hambre. Estudio básico _v; 10 _939462 |
|
| 901 | _aBK | ||
| 942 | _cLIBRO | ||
| 949 |
_a338.19 F37p _bBC _cFAO _d-113872 _eFAO1 _h5953 _i50709 _si |
||
| 999 |
_c45596 _d45596 |
||